00422nam a2200145Ia 4500008004100000020001800041041000800059082002100067100001600088245011200104260002000216300000800236365001600244700001600260230718s9999 xx 000 0 und d a9789351108290 aeng a005.13'3074bLIL aLillis D.A. aR Graph EssentialsbUse R's Powerful Graphing Capabilities To Design And Create Professional-Level Graphics c2014bPackt/SPD a176 cRs.b375.00 aLillis D.A.